[Event "Olympiad-31"]
[Site "Moscow"]
[Date "1994.12.02"]
[Round "2.1"]
[White "Rodriguez Vila, Andres"]
[Black "Lautier, Joel"]
[Result "0-1"]
[WhiteElo "2515"]
[BlackElo "2645"]
[Annotator "Chekhov,V"]
[PlyCount "108"]
[EventDate "1994.12.01"]
[EventType "team-swiss"]
[EventRounds "14"]
[EventCountry "RUS"]
[SourceTitle "CBM 045"]
[Source "ChessBase"]
[SourceDate "1995.04.01"]
[SourceVersion "1"]
[SourceVersionDate "1995.04.01"]
[SourceQuality "1"]
[WhiteTeam "Uruguay"]
[BlackTeam "France"]
[WhiteTeamCountry "URU"]
[BlackTeamCountry "FRA"]

1. e4 c5 2. Nf3 e6 3. d4 cxd4 4. Nxd4 Nf6 5. Nc3 Nc6 6. Ndb5 d6 7. Bf4 e5 8.
Bg5 a6 9. Na3 b5 10. Bxf6 gxf6 11. Nd5 Bg7 12. g3 f5 13. exf5 Bxf5 (13... e4 $5
14. c3 Ne5 15. Qh5 Nf3+ 16. Ke2 Bb7 17. Rd1 O-O 18. Bh3 Re8 19. Nc2 Ne5 20.
Nce3 Nd3 $13 {Alsalati,H-Ochoa,E/Baiamo/1984/}) 14. Bg2 Be6 15. c3 (15. Nf6+
Bxf6 16. Bxc6+ Ke7 17. Bxa8 Qxa8 $146) 15... O-O 16. Nc2 a5 17. a3 (17. O-O f5
18. Nce3 Kh8 19. Qh5 {/\Rad1/}) 17... Rb8 (17... Rc8 $5) 18. O-O Kh8 19. Nce3
f5 20. f4 Ne7 21. Rf2 Ng6 (21... e4 22. Rd2 Nxd5 23. Nxd5 Qd7) 22. Qh5 Qd7 23.
Rd1 Qa7 $1 24. Bh3 exf4 25. gxf4 b4 (25... Nxf4 26. Nxf4 Qxe3 27. Ng6+) 26.
Bxf5 Bxf5 27. Nxf5 bxc3 28. bxc3 (28. Nxg7 cxb2 $17) 28... Rb2 29. Rdf1 Bxc3 $1
30. Nxc3 Nxf4 31. Qf3 (31. Qg4 Rg8 $19) (31. Qh4 Rxf5 32. Kh1 Rxf2 33. Rxf2
Qb7+ 34. Kg1 Rg5+ $19) 31... Rxf5 32. Kh1 Nd3 $1 33. Qxf5 Nxf2+ 34. Rxf2 (34.
Kg2 Qg7+ 35. Kf3 Qxc3+ $19) 34... Rxf2 35. Qc8+ Kg7 36. Qg4+ Kf8 37. Qc8+ Ke7
38. Nd5+ Kf7 39. Qh3 (39. Qc4 $5) 39... h6 40. Qd3 Kg7 41. Nf4 Qb7+ (41... Rxf4
42. Qg3+) 42. Kg1 Rb2 43. Qg6+ Kf8 44. Qxd6+ (44. Qxh6+ Qg7+ $19) 44... Kg8 45.
Qe6+ Qf7 46. Qe4 (46. Qc8+ Kh7 $19) 46... Qa7+ 47. Kh1 Qb7 48. Nd5 Rb1+ 49. Kg2
Qg7+ 50. Kh3 Rb3+ 51. Ne3 a4 52. Qa8+ (52. Qe8+ Qf8 53. Qe6+ (53. Qg6+ Kh8)
53... Qf7) 52... Qf8 53. Qd5+ Qf7 54. Qd8+ Kh7 0-1

[Event "Marseille"]
[Site "Marseille"]
[Date "1986.??.??"]
[Round "?"]
[White "Sharif, Mershad"]
[Black "Kouatly, Bachar"]
[Result "1-0"]
[WhiteElo "2440"]
[BlackElo "2430"]
[Annotator "Chekhov,V"]
[PlyCount "91"]
[EventDate "1986.07.??"]
[EventType "tourn"]
[EventRounds "9"]
[EventCountry "FRA"]
[EventCategory "10"]
[SourceTitle "EXT 2000"]
[Source "ChessBase"]
[SourceDate "1999.11.16"]
[SourceVersion "1"]
[SourceVersionDate "1999.11.16"]
[SourceQuality "1"]

1. e4 c5 2. Nf3 Nc6 3. d4 cxd4 4. Nxd4 Nf6 5. Nc3 e5 6. Ndb5 d6 7. Bg5 a6 8.
Na3 b5 9. Nd5 Be7 10. Bxf6 Bxf6 11. c3 Ne7 (11... Bb7 $5) (11... O-O $5 12. Nc2
Rb8) 12. Nxf6+ gxf6 13. Nc2 Bb7 14. Bd3 Qb6 (14... f5 15. exf5 Bxg2 16. Rg1 Bb7
17. a4 bxa4 18. Ne3 Bc6 19. Bc2 $14 {Berzinsh,R-Kretek,B/Mlada Boleslav/1992/
1|0/31/}) (14... d5 15. exd5 (15. Qe2 $5) 15... Qxd5 16. Ne3 Qe6 17. Qh5 O-O-O
18. Bc2 Kb8 19. Bb3 Nd5 20. O-O-O Nf4 21. Bxe6 Nxh5 22. Bxf7 Nf4 $44 {Zontakh,
A-Manik,M/Hlohovec/1994/0,5/35/}) 15. Ne3 d5 16. Qf3 O-O-O 17. exd5 $5 (17. O-O
d4 18. cxd4 exd4 19. Nf5 Nxf5 20. Qxf5+ Qe6 21. Qf4 Qe5 22. Qd2 Rhg8 $132 {
Gruenfeld,Y-Kouatly,B/Brussels/1985/1|0/46/}) 17... Nxd5 18. Be4 Nf4 (18...
Nxe3 $5 19. Bxb7+ (19. fxe3 $5) 19... Qxb7 20. Qxb7+ Kxb7 21. fxe3 $14) 19. O-O
Bxe4 20. Qxe4 Qb7 (20... Kb8 $5) 21. Qf5+ Rd7 22. Rfd1 (22. Qxf6 $2 Rg8 23. f3
(23. g3 Nh3#) 23... Qa7 24. Qxe5 Nxg2 $19) 22... Rg8 23. g3 Rg6 24. a4 b4 (
24... bxa4 25. Rxa4 Ne6 26. Rxd7 Qxd7 27. Rxa6 $18) (24... Ne6 25. axb5 axb5
26. Rxd7 Kxd7 27. Rd1+ Ke8 28. Nd5 $16) 25. Rxd7 Qxd7 26. cxb4 $18 Ne2+ 27. Kf1
Nd4 28. Rc1+ Kd8 29. Qxd7+ Kxd7 30. Rc5 Rg8 31. Ra5 Rb8 32. Rxa6 Rxb4 33. Rxf6
Ke8 34. a5 Rxb2 35. Nc4 Ra2 36. Nxe5 Rxa5 37. Nxf7 Ke7 38. Rf4 Ne6 39. Rf3 Nd4
40. Rd3 Nf5 41. Ng5 h6 42. Nf3 Ra2 43. Kg2 Kf6 44. g4 Ne7 45. Rd6+ Kg7 46. Nd4
1-0

[Event "St Petersburg-Paris"]
[Site "Paris"]
[Date "1996.??.??"]
[Round "8"]
[White "Orlov, Vassily"]
[Black "Degraeve, Jean Marc"]
[Result "0-1"]
[WhiteElo "2405"]
[BlackElo "2490"]
[Annotator "Chekhov,V"]
[PlyCount "84"]
[EventDate "1996.02.??"]
[EventType "schev"]
[EventRounds "9"]
[EventCountry "FRA"]
[SourceTitle "CBM 051 Extra"]
[Source "ChessBase"]
[SourceDate "1996.05.01"]
[SourceVersion "1"]
[SourceVersionDate "1996.05.01"]
[SourceQuality "1"]

1. e4 c5 2. Nf3 Nc6 3. d4 cxd4 4. Nxd4 Nf6 5. Nc3 e5 6. Ndb5 d6 7. Bg5 a6 8.
Na3 b5 9. Bxf6 gxf6 10. Nd5 Bg7 11. Bd3 Ne7 12. Nxe7 Qxe7 13. c3 (13. c4 $5)
13... f5 14. Nc2 Qb7 15. f3 (15. Qf3 $5 O-O 16. Ne3 (16. Nb4 $6 a5 17. Nd5 Be6
18. Ne3 f4 $17 {Kuzmin,G-Yakovich,Y/Pardubice/1994/0|1/34/}) 16... f4 17. Nd5
Be6 18. g4 b4 $1 19. c4 Bxd5 20. cxd5 Bf6 21. g5 Bd8 22. Bf1 Kh8 $132 {
Dolmatov,S-Topalov,V/Groningen/1993/0,5/33/}) (15. exf5 Qxg2 16. Rf1 Bb7 17.
Ne3 Qc6 (17... Qxh2 $5) 18. Qg4 Bf6 19. Qb4 O-O $132 {Koch,J-Kouatly,B/
Montpellier/1991/0,5/52/}) 15... f4 16. Nb4 (16. Qe2 $5 O-O 17. g4 Be6 18. Nb4
a5 19. Nd5 b4 20. c4 a4 21. Rd1 a3 22. b3 Bxd5 23. exd5 $36 {Renet,
O-Etchegaray,P/France/1991/1|0/39/}) 16... Bf6 17. g3 (17. g4 h5 $1 18. Nd5 Bd8
$132) 17... Be6 18. Qe2 Rg8 19. O-O-O fxg3 20. hxg3 Rxg3 21. Rxh7 (21. Nxa6
Bg5+ (21... Bxa2 $5 22. Bxb5+ Ke7 $36) 22. Kc2 Rxa6 23. Bxb5+ Rc6 24. Rxd6 Bd7
25. Bxc6 Bxc6 26. Rxh7 Ke7 $13) 21... Ke7 22. Bc2 a5 (22... Rag8 23. Bb3 $36)
23. Nd5+ Bxd5 24. Rxd5 Rag8 25. Rd1 (25. Rxb5 Bg5+ 26. Kb1 Rg1+ 27. Bd1 Rxd1+
28. Qxd1 Qxb5 $19) (25. Qxb5 Qxb5 26. Rxb5 Bg5+ 27. Kd1 Rg1+ 28. Ke2 Rg2+ 29.
Kd3 Rd2+ 30. Kc4 Rxc2 31. Rb7+ Ke6 32. Rhxf7 a4 $17) 25... Qb6 26. Bb3 R8g7 27.
Rxg7 Rxg7 28. Rd5 b4 29. c4 Bg5+ 30. Kb1 Qg1+ (30... Be3 $5) 31. Rd1 Qe3 32.
Qc2 (32. Qxe3 Bxe3 $17) 32... Bf4 33. Qd3 Qc5 34. Qd5 Qxd5 35. Rxd5 Rg1+ 36.
Rd1 (36. Kc2 Rg2+ 37. Kb1 Be3 38. Rxa5 Bd4 39. Rb5 Rxb2+ 40. Kc1 Rf2 41. Rxb4
Rxf3 $15) 36... Rg2 37. Rd5 Be3 38. a4 $2 (38. Rxa5 $5 Bd4 39. Rb5 Rxb2+ 40.
Kc1 Rf2 41. Rxb4 Rxf3 $15) 38... Bd4 $19 39. Bd1 (39. Bc2 b3 $19) 39... b3 $1
40. Kc1 Bxb2+ 41. Kb1 Bd4 42. Rb5 Rg1 (42... Rg1 43. Kc1 Be3+ 44. Kb2 Rxd1 $19)
0-1

[Event "Bucharest ENE"]
[Site "Bucharest"]
[Date "1993.??.??"]
[Round "7"]
[White "Nevednichy, Vladislav"]
[Black "Rogozenco, Dorian"]
[Result "1/2-1/2"]
[WhiteElo "2535"]
[BlackElo "2500"]
[Annotator "Chekhov,V"]
[PlyCount "98"]
[EventDate "1993.??.??"]
[EventType "tourn"]
[EventRounds "11"]
[EventCountry "ROU"]
[EventCategory "8"]
[SourceTitle "CBM 040"]
[Source "ChessBase"]
[SourceDate "1994.06.01"]
[SourceVersion "1"]
[SourceVersionDate "1994.06.01"]
[SourceQuality "1"]

1. e4 c5 2. Nf3 e6 3. d4 cxd4 4. Nxd4 Nf6 5. Nc3 Nc6 6. Ndb5 d6 7. Bf4 e5 8.
Bg5 a6 9. Na3 b5 (9... Be6 $5 10. Nc4 Rc8 11. Nd5 Bxd5 12. Bxf6 gxf6 13. Qxd5
Nd4 14. Bd3 Qe7 $1 $146 15. b4 Qe6 16. Ne3 Qxd5 17. Nxd5 Nxc2+ 18. Bxc2 Rxc2
$132 {Belikov,V-Kharlov,A/Moscow/1992/0:1 (35)/}) 10. Nd5 Be7 (10... Qa5+ 11.
Bd2 Qd8 12. c4 Nxe4 13. cxb5 Be6 14. Bc4 Ne7 15. O-O $3 $146 Nxd5 (15... Bxd5
$5 $132 16. Bxd5 Nxd5 17. Ba5 Nb6) 16. Bxd5 Bxd5 17. Ba5 Qxa5 18. Qxd5 Rc8 19.
Qxe4 $16 {Kupreichik,V-Nikcevic,N/Cattolica/1:0 (28) Inf 55/190/}) 11. Nxe7
Nxe7 12. Qf3 Ng6 $5 $146 (12... Nd7 13. b4 $5 f6 14. Bd2 Nb6 15. c4 bxc4 16.
Nxc4 Be6 17. Na5 $1 $14 {Yudasin,L-Chekhov,V/USSR/1991/0,5 (33) Inf 53/159/}) (
12... Bg4 $5 13. Qg3 Be6 14. Bd3 Ng6 15. Qf3 (15. O-O O-O $6 (15... h6 $1 $10 {
Yudasin/}) 16. c4 $1 h6 17. Bxf6 Qxf6 18. cxb5 axb5 19. Nxb5 Bxa2 20. Rfc1 $16
{Kupreichik,V-Deev,A/Podolsk/1990/ Inf 53/159/}) 15... O-O 16. c3 h6 17. Bxf6
Qxf6 18. g3 $14 {Yudasin,L-Yagupov,I/Moscow/1992/0,5 (54) Inf 56/177/}) 13. Bd3
O-O 14. O-O Be6 15. c3 (15. c4 $5) 15... d5 16. Nc2 dxe4 $6 (16... h6 $5 17.
Bxf6 Qxf6 18. Qxf6 gxf6 19. g3 $14) 17. Bxe4 Bd5 18. Rfe1 $1 (18. Bxd5 Qxd5 19.
Qxd5 Nxd5 $10) (18. Bxf6 Bxe4 19. Qxe4 Qxf6 $10) 18... Bxe4 19. Rxe4 Qb6 (19...
a5 $5 20. a4 Rb8) 20. Bxf6 Qxf6 21. Qxf6 gxf6 22. a4 $16 Nf4 (22... bxa4 23.
Rexa4 Rfb8 24. Nb4) (22... Rab8 23. axb5 Rxb5 24. b4 {/\c4-c5+/-/}) 23. Nb4 $1
(23. g3 $6 Nd3 $13) 23... bxa4 (23... a5 24. Nc6 bxa4 25. Rexa4 $16) 24. g3 a5
(24... Ne6 25. Rxa4 Nc5 26. Rg4+ Kh8 27. Ra5 $16) 25. gxf4 axb4 26. Rxb4 a3 27.
Rxa3 Rxa3 28. bxa3 Rc8 $6 (28... Ra8 $5 29. a4 Kg7 30. c4 Ra5) 29. c4 Kg7 30.
a4 Rc5 31. Kf1 Kg6 32. Ke2 Kf5 33. fxe5 fxe5 34. Kd3 Ra5 35. Kc3 Ke4 36. Kb3 (
36. c5+ Kd5) 36... Ra8 (36... Kf3 $2 37. Rb5 $18) (36... f5 $5) 37. Rb7 f5 38.
c5 Kf3 (38... Kd5 39. Kb4 f4 40. Rd7+ Kc6 41. Rd6+ Kc7 42. Re6 $18) 39. Rxh7 (
39. c6 e4 40. c7 Rc8 41. a5 Kxf2 42. a6 e3 43. a7 e2 44. Rb8 e1=Q) 39... Kxf2
40. Rf7 f4 41. Re7 f3 42. Rxe5 Kg2 43. Rg5+ Kxh2 44. Rf5 Kg2 45. Kb4 f2 $10 46.
c6 Rb8+ 47. Kc5 Rb1 48. c7 f1=Q 49. Rxf1 Rxf1 (49... Rxf1 50. Kb6 Rb1+ 51. Ka7
Rc1 $10) 1/2-1/2

[Event "St Petersburg op"]
[Site "St Petersburg"]
[Date "1994.??.??"]
[Round "9"]
[White "Kiselev, Maxim"]
[Black "Novik, Maxim"]
[Result "1-0"]
[WhiteElo "2400"]
[BlackElo "2480"]
[Annotator "Chekhov,V"]
[PlyCount "147"]
[EventDate "1994.02.??"]
[EventType "swiss"]
[EventRounds "9"]
[EventCountry "RUS"]
[SourceTitle "CBM 041"]
[Source "ChessBase"]
[SourceDate "1994.08.01"]
[SourceVersion "1"]
[SourceVersionDate "1994.08.01"]
[SourceQuality "1"]

1. e4 c5 2. Nf3 Nc6 3. d4 cxd4 4. Nxd4 Nf6 5. Nc3 e5 6. Ndb5 d6 7. Bg5 a6 8.
Na3 b5 9. Nd5 Be7 10. Bxf6 Bxf6 11. c3 O-O 12. Nc2 Bg5 13. a4 bxa4 14. Rxa4 Bb7
15. Bc4 (15. Be2 Nb8 {/\Nd7-c5/}) 15... Na5 16. Ba2 Bc6 17. Rb4 $5 $146 (17.
Ra3 Bb5 18. h4 $1 (18. Nce3 Nb7 19. Bc4 Nc5 20. Qc2 Bxe3 21. Nxe3 Bxc4 22. Nxc4
d5 $44 {Kuzmin,A-Timoshenko,G/SSSR/1988/0:1 (36) Inf 45/185/}) 18... Bh6 19.
Nce3 (19. g4 $5 Bf4 20. Nxf4 exf4 21. Nd4 $14 {Krasenkov/}) 19... Bxe3 20. Nxe3
Rc8 21. Nf5 {Lanka,Z-Krasenkov,M/Moscow/1989/ Inf 47/216/} Nc4 $1 22. Bxc4 Rxc4
23. Nxd6 Rd4 $1 24. cxd4 Qxd6 25. f3 exd4 $44 {Goldberg,V-Kalinichev,S/Berlin/
1986; 23.f3+/= Gorelov/}) 17... Nb7 18. h4 Bh6 19. g4 Bf4 (19... g6 $6 20. g5
Bg7 21. Nce3 Nc5 22. Ng4 $16) 20. Nxf4 exf4 21. f3 Nc5 22. Rd4 (22. Bd5 Bxd5
23. Qxd5 a5 24. Rd4 Qb6) 22... Qe7 23. Qd2 (23. Rxd6 $2 Nxe4 $19) (23. b4 Na4
24. Qd2 Rfd8) 23... Ba4 (23... Nxe4 24. Qe2 (24. fxe4 Bxe4 25. Rh2 Bxc2+ 26.
Re2 Qxh4+) 24... Rfe8 25. fxe4 Bxe4 26. Rxe4 Qxe4 27. Qxe4 Rxe4+ 28. Kf2 Rae8 (
28... Rb8 $1 $13) 29. Nd4) (23... a5 $5 $13) 24. Na1 (24. b4 Bxc2 $1 25. Qxc2 (
25. bxc5 dxc5 26. Rd7 Qe8) 25... Ne6 26. Rd2 a5 $15) 24... Rab8 25. Rh2 Bb5 (
25... Bb3 26. Nxb3 Nxb3 27. Bxb3 Rxb3 28. Qxf4) (25... Rfd8 26. Qxf4) 26. Nc2 (
26. Rxd6 Rfd8 27. Rxd8+ Rxd8 28. Bd5 Nd3+ 29. Kd1 Bc4) 26... a5 27. g5 (27.
Rxd6 Rfd8 28. Rxd8+ Rxd8 29. Bd5 Nd3+ $17) 27... Rfd8 28. Rd5 $1 Bc6 (28... Kh8
29. Nd4 $1 $16) 29. Rf5 d5 30. b4 Nxe4 (30... axb4 31. Nxb4) (30... dxe4 31.
Rxf7) 31. Re2 $1 (31. fxe4 Qxe4+ $19) (31. Qe2 axb4 $1 32. fxe4 (32. Nxb4 Rxb4
$1) 32... b3 33. Bxb3 Rxb3 34. exd5 Qd7 $1) 31... axb4 (31... Nxd2 32. Rxe7
Nxf3+ 33. Kf2 Nxh4 34. Rfxf7) 32. fxe4 b3 33. Bxb3 Rxb3 34. exd5 Rb1+ $6 (34...
Qd7 $5 35. Qxf4 (35. dxc6 $2 Rb1+) (35. Nd4 Rb1+ 36. Kf2 Bxd5) 35... Bxd5 36.
Rd2 Qe7+ 37. Re5 Be6) 35. Kf2 Qd7 (35... Qc5+ 36. Qd4 Qxd4+ 37. Nxd4 Bxd5 38.
Rxd5 $18) 36. Qxf4 Bxd5 37. Rd2 Qc6 38. Ne3 $18 Qxc3 39. Rfxd5 Rxd5 40. Nxd5
Qc5+ 41. Qd4 Qxd4+ 42. Rxd4 h6 43. gxh6 gxh6 44. Rg4+ Kf8 45. Nf6 Rb2+ 46. Kf3
Rb1 47. Ke4 Rf1 48. Ke5 Re1+ 49. Kf5 Rf1+ 50. Rf4 Re1 51. Nd5 Re2 52. Rf3 Rh2
53. Re3 Rf2+ (53... Rxh4 54. Nf6 $18) 54. Nf4 Rh2 55. Rh3 Rf2 56. Ra3 Rf1 57.
Ra2 Kg7 58. Kg4 Rg1+ 59. Rg2 Rf1 60. Nh5+ Kg6 61. Nf4+ Kg7 62. Nd5 Kg6 63. Ne3
Rf6 64. h5+ Kh7 65. Nf5 Ra6 66. Rd2 Ra4+ 67. Rd4 Ra1 68. Rd6 Rg1+ 69. Kf4 Rf1+
70. Ke5 Re1+ 71. Kf6 Rh1 72. Rd7 Rxh5 73. Rxf7+ Kh8 74. Ne7 1-0

[Event "Haninge"]
[Site "Haninge"]
[Date "1989.??.??"]
[Round "?"]
[White "Wedberg, Tom Birger"]
[Black "Hellers, Ferdinand"]
[Result "1/2-1/2"]
[WhiteElo "2510"]
[BlackElo "2565"]
[Annotator "ChessBase"]
[PlyCount "119"]
[EventDate "1989.??.??"]
[EventType "tourn"]
[EventRounds "11"]
[EventCountry "SWE"]
[EventCategory "13"]
[SourceTitle "CBM 013"]
[Source "ChessBase"]
[SourceDate "1989.12.01"]
[SourceVersion "1"]
[SourceVersionDate "1989.12.01"]
[SourceQuality "1"]

1. e4 c5 2. Nf3 Nc6 3. d4 cxd4 4. Nxd4 Nf6 5. Nc3 e5 6. Ndb5 d6 7. Bg5 a6 8.
Na3 b5 9. Bxf6 gxf6 10. Nd5 Bg7 11. Bd3 Ne7 12. Nxe7 Qxe7 13. c4 f5 14. O-O O-O
15. Qe2 Bb7 16. Rad1 Rad8 17. f3 bxc4 18. Nxc4 (18. Bxc4 fxe4 19. fxe4 d5 20.
exd5 Bxd5 21. Bxd5 Qc5+ 22. Kh1 Rxd5 23. Qxa6 Rxd1 24. Rxd1 Qf2 25. Nc4 e4 $13)
18... fxe4 19. fxe4 f5 20. Na5 (20. Nb6 fxe4 21. Rxf8+ Bxf8 22. Bxe4 d5 $1 23.
Bxd5+ Bxd5 24. Rxd5 Qa7 $3 $19) (20. Ne3 fxe4 21. Rxf8+ Rxf8 22. Bxa6 Ba8 23.
Bc4+ Kh8 24. Bd5 Bxd5 25. Rxd5 Qa7 $10) 20... Ba8 21. Nb3 (21. Bc4+ d5 $1 $19)
(21. Qc2 Rc8 22. Qb3+ d5 $1 $17) 21... fxe4 22. Rxf8+ Rxf8 (22... Qxf8 23. Bxe4
d5 24. Qd3 h6 25. h3 $13) 23. Bxe4 Bxe4 24. Qxe4 Qa7+ 25. Kh1 Qf2 26. h3 Qxb2
27. Rxd6 (27. Rd2 $5 Qa3 28. Qd5+ Kh8 29. Qxd6 Qxd6 30. Rxd6 $14) 27... Qxa2
28. Nc5 $1 Qf7 29. Ne6 Re8 30. Ng5 Qf1+ 31. Kh2 Qf4+ 32. Qxf4 exf4 33. Rxa6 Bd4
34. Ra2 Bf6 35. Nf3 Re4 36. Ra7 Re7 37. Ra4 Be5 38. Re4 Bd6 39. Rxe7 Bxe7 40.
Kg1 Kf7 41. Kf2 Ke6 42. Nd4+ Kd5 43. Nf5 Bf6 44. Kf3 Ke5 45. Nh6 Bg5 46. Nf7+
Kf6 47. Kg4 h6 48. Nd6 Kg6 49. Kf3 Be7 50. Nb5 Kg5 51. Ke4 Bc5 52. Nc7 Bd6 53.
Ne6+ Kh4 54. Kf3 h5 55. Nd4 Kg5 56. Ke4 Kf6 57. Nf3 Bc7 58. h4 Bd8 59. Ne5 Kg7
60. Nf3 1/2-1/2

[Event "Olympiad-29"]
[Site "Novi Sad"]
[Date "1990.11.17"]
[Round "1"]
[White "Solomon, Stephen J"]
[Black "Spasov, Vasil"]
[Result "0-1"]
[WhiteElo "2440"]
[BlackElo "2495"]
[Annotator "ChessBase"]
[PlyCount "92"]
[EventDate "1990.11.17"]
[EventType "team-swiss"]
[EventRounds "14"]
[EventCountry "YUG"]
[SourceTitle "TD"]
[Source "ChessBase"]
[SourceDate "1994.03.01"]
[SourceVersion "1"]
[SourceVersionDate "1994.03.01"]
[SourceQuality "1"]
[WhiteTeam "Australia"]
[BlackTeam "Bulgaria"]
[WhiteTeamCountry "AUS"]
[BlackTeamCountry "BUL"]

1. e4 c5 2. Nf3 Nc6 3. d4 cxd4 4. Nxd4 Nf6 5. Nc3 e5 6. Ndb5 d6 7. Bg5 a6 8.
Na3 b5 9. Bxf6 gxf6 10. Nd5 Bg7 (10... f5 $5 11. g3 $140 Bg7 $5) 11. g3 f5 12.
Bg2 fxe4 13. Bxe4 Be6 $1 (13... Rb8) 14. Nf6+ $6 (14. Qh5 Rc8 15. c3 Ne7 $140
16. Rd1 Nxd5 17. Bxd5 Qd7 18. O-O $1 Bg4 19. Qg5 f6 20. Qh4 Bxd1 21. Rxd1 {
P c2-e3}) 14... Bxf6 15. Bxc6+ Ke7 16. Bxa8 Qxa8 17. f3 $6 (17. Rg1 {P b1-d2;
P c3, c2-e3} h5 (17... e4 18. c3 b4 19. cxb4 $1 Bxb2 20. Rb1 Bxa3 21. Qa4 $1)
18. c3 Bg4 19. Qd3 Bf3 20. Nc2 $146) 17... h5 $1 (17... e4 18. c3 b4 19. Nb1 (
19. cxb4 $2 Bxb2 20. Rb1 Bxa3 21. Qa4 exf3 $1) 19... Qb7 20. O-O bxc3 21. Nxc3
$13) 18. Qe2 h4 19. O-O-O (19. Kf2 d5 $1 20. Rae1 Qa7+ 21. Kg2 h3+ 22. Kf1 Bg7
$1 23. Nb1 f5 24. Nd2 d4 {P d5-/+}) 19... Qc6 $1 20. Qd2 $6 (20. Nb1 $2 Bg5+
21. Nd2 Bf5 22. c3 b4 23. c4 Qa4 $19) (20. Qe3 $1 Rc8 21. Rd2 b4 $1 22. Nb1
Bxa2 23. b3 $140 $6 d5 24. Kb2 e4+ 25. Kxa2 Qxc2+ 26. Rxc2 Rxc2#) 20... hxg3
21. hxg3 Rxh1 22. Rxh1 Qxf3 $17 23. Rd1 (23. Rg1 Qg4 $1 {P g5}) 23... d5 24.
Nb1 (24. Rg1 Qg4 $1 25. Qa5 Bg5+ 26. Kb1 b4 27. Qc7+ Kf6 28. Rh1 bxa3 29. Qd8+
Kf5 $1 30. Rf1+ Ke4 31. Qa5 Qxg3 32. Qxa6 Bf4 $19) 24... Bg4 25. Rg1 d4 26. a4
Ke6 $1 27. Na3 (27. axb5 axb5 28. Na3 b4) 27... b4 28. Nc4 b3 29. Re1 $5 Qxg3
30. Qa5 $132 Bg5+ $1 31. Kb1 bxc2+ 32. Ka2 {[#]} c1=N+ $1 33. Rxc1 Bxc1 34.
Qxa6+ Kf5 35. Nd6+ Kf4 $1 (35... Kg6 36. Ne4+ Be6+ 37. Qxe6+ fxe6 38. Nxg3) 36.
Qf1+ Qf3 37. Qxc1+ Kg3 $19 38. Qe1+ Kg2 39. Qd2+ Qf2 40. Qxf2+ (40. Qg5 f5)
40... Kxf2 41. a5 d3 42. a6 d2 43. Ne4+ (43. a7 Bf3) 43... Ke3 44. a7 d1=Q 45.
a8=Q Be6+ 46. b3 Bxb3+ 0-1

[Event "Bela Crkva op"]
[Site "Bela Crkva"]
[Date "1983.??.??"]
[Round "7"]
[White "Arnason, Jon Loftur"]
[Black "Vukic, Milan"]
[Result "1-0"]
[WhiteElo "2460"]
[BlackElo "2465"]
[Annotator "ChessBase"]
[PlyCount "85"]
[EventDate "1983.06.??"]
[EventType "swiss"]
[EventRounds "13"]
[EventCountry "YUG"]
[SourceTitle "EXT 1998"]
[Source "ChessBase"]
[SourceDate "1997.11.17"]
[SourceVersion "1"]
[SourceVersionDate "1997.11.17"]
[SourceQuality "1"]

1. e4 c5 2. Nf3 e6 3. d4 cxd4 4. Nxd4 Nf6 5. Nc3 Nc6 6. Ndb5 d6 7. Bf4 e5 8.
Bg5 a6 9. Na3 b5 10. Nd5 Be7 11. Bxf6 Bxf6 12. c3 O-O 13. Bd3 $5 Bg5 14. Bc2 $5
Rb8 15. Qd3 Be6 16. Rd1 Qd7 17. O-O Rfc8 $1 (17... f5 18. Qg3 Bd8 19. exf5 Bxf5
20. Ne3 Bxc2 21. Naxc2 $14) 18. b4 a5 $11 (18... Qb7 $5) 19. Nxb5 Nxb4 (19...
axb4 $2 20. Nxd6 $1) 20. cxb4 Qxb5 21. Qxb5 Rxb5 22. Bd3 Rbb8 23. bxa5 Bxd5 24.
exd5 Rb4 $2 (24... e4 $1 25. Bxe4 Ra8 $11) 25. a6 Ra4 (25... e4 26. a3 $1 Ra4
27. Bb5 Rxa3 28. Ra1 $18) 26. Bb5 (26. a3 $5) 26... Ra3 $8 27. Bc6 e4 28. Rfe1
e3 $2 (28... f5) 29. fxe3 Bxe3+ 30. Rxe3 $1 Rxe3 31. a4 $1 Re7 32. Bb7 Rd8 33.
Kf2 $6 (33. Rb1 g6 34. a7 Ree8 35. Bc6 Rf8 36. Kf2 $18) 33... Re4 $1 34. Ra1 (
34. Bc6 Re7) 34... Rb4 35. a5 Kf8 36. Bc6 Rbb8 37. Ke3 (37. Rc1 $2 Rb2+ 38. Ke3
Ra2 $11) 37... Ra8 38. Bxa8 Rxa8 39. Kd4 Ke7 40. Kc4 Kd7 41. Kb5 Rb8+ 42. Ka4
$1 Ra8 43. Rb1 1-0

[Event "YUG-ch34"]
[Site "Bjelovar"]
[Date "1979.02.25"]
[Round "13"]
[White "Matulovic, Milan"]
[Black "Bjelajac, Milan"]
[Result "1/2-1/2"]
[WhiteElo "2510"]
[BlackElo "2410"]
[Annotator "ChessBase"]
[PlyCount "40"]
[EventDate "1979.02.10"]
[EventType "swiss"]
[EventRounds "13"]
[EventCountry "YUG"]
[SourceTitle "EXT 2000"]
[Source "ChessBase"]
[SourceDate "1999.11.16"]
[SourceVersion "1"]
[SourceVersionDate "1999.11.16"]
[SourceQuality "1"]

1. e4 c5 2. Nf3 Nc6 3. d4 cxd4 4. Nxd4 Nf6 5. Nc3 e5 6. Ndb5 d6 7. Bg5 a6 8.
Na3 Be6 9. Nc4 Rc8 10. Nd5 Bxd5 11. Bxf6 (11. exd5 Ne7 (11... Nb8 12. Be2 Be7
13. O-O O-O 14. a4 Nbd7 $11) 12. Bxf6 gxf6 13. c3 f5 14. Qh5 Rc5 $11) 11...
gxf6 12. Qxd5 (12. exd5 Ne7 13. c3 (13. b4 {Preventing Rc8-c5} f5) 13... f5 14.
Qh5 Rc5 $11 (14... Bg7 $11)) 12... Nb4 13. Qd2 d5 14. exd5 Nxc2+ 15. Qxc2 Bb4+
16. Kd1 b5 17. Bd3 (17. Qe4 bxc4 18. Bxc4 Qb6 (18... Qd6 $5 19. b3 Bc5) 19. Ke2
Bd6 20. b3 f5 $5 (20... Ke7 $14)) 17... O-O (17... bxc4 $2 18. Qa4+ Qd7 19.
Qxd7+ Kxd7 20. Bf5+ $18) (17... Qxd5 $2 18. Nb6 $18) 18. Qe2 (18. Bxh7+ $2 Kg7
$17) 18... bxc4 19. Bxh7+ (19. Bf5 $6 c3 $17) 19... Kxh7 20. Qh5+ Kg7 1/2-1/2

[Event "WchT U26 08th"]
[Site "Maringa"]
[Date "1991.09.04"]
[Round "4"]
[White "Wolff, Patrick G"]
[Black "Manninen, Marko"]
[Result "1-0"]
[WhiteElo "2545"]
[BlackElo "2415"]
[Annotator "ChessBase"]
[PlyCount "83"]
[EventDate "1991.09.01"]
[EventType "team-swiss"]
[EventRounds "9"]
[EventCountry "BRA"]
[SourceTitle "EXT 2020"]
[Source "ChessBase"]
[SourceDate "2019.10.17"]
[SourceVersion "1"]
[SourceVersionDate "2019.10.17"]
[SourceQuality "1"]
[WhiteTeam "US of America"]
[BlackTeam "Finland"]
[WhiteTeamCountry "USA"]
[BlackTeamCountry "FIN"]

1. e4 c5 2. Nf3 Nc6 3. d4 cxd4 4. Nxd4 Nf6 5. Nc3 e5 6. Ndb5 d6 7. Bg5 a6 8.
Na3 b5 9. Nd5 Qa5+ 10. Bd2 Qd8 11. Nxf6+ Qxf6 12. Bd3 d5 13. exd5 Nb4 14. Be4
Qh4 15. Qf3 Bg4 16. Qb3 {(A) Smyslov - Kuzmin, URS (ch) 1977 (B) Tal (C)
Kaiumov} (16. Qg3 Qxg3 17. hxg3 f5 18. c3 fxe4 19. cxb4 Rd8 20. Nc2 Rxd5 21.
Ne3 Rxd2 22. Kxd2 Bxb4+ {~}) (16. Qe3 f5 (16... Rd8 17. h3 $1 Bh5 18. g4 Bg6
19. Bxg6 hxg6 20. O-O-O $40) 17. d6 fxe4 18. Qxe4 Rd8 19. h3 Qf6 20. hxg4 Qxd6
21. O-O-O {+/-}) 16... Bh5 17. Bf3 Bxf3 18. Qxf3 Qd4 19. d6 e4 20. d7+ Kxd7 21.
Qxf7+ Kc6 22. Qb3 Qd5 23. Bxb4 Qxb3 24. axb3 Bxb4+ 25. c3 Bc5 26. b4 Bb6 27.
Nc2 Rhf8 28. Rf1 Kd5 29. O-O-O+ Ke5 30. Nd4 {+/-} Bxd4 31. Rxd4 Rad8 32. Rxd8
Rxd8 33. Re1 Kf4 34. Rd1 Rf8 35. Kd2 Rf6 36. Ke2 Rg6 37. g3+ Kg4 38. Rd4 Kf5
39. Ke3 Re6 40. h3 Rh6 41. h4 Re6 42. b3 1-0